[Event "Dortmund Sparkassen op-A 44th"]
[Site "Dortmund"]
[Date "2016.07.11"]
[Round "3"]
[White "Korten, Lando"]
[Black "Heinert, Eugen"]
[Result "1-0"]
[WhiteElo "2000"]
[BlackElo "2171"]
[PlyCount "92"]
[EventDate "2016.07.09"]
[EventType "swiss"]
[EventRounds "9"]
[EventCountry "GER"]
[SourceTitle "CBM 173 Extra"]
[Source "ChessBase"]
[SourceDate "2016.08.29"]
[SourceVersion "1"]
[SourceVersionDate "2016.08.29"]
[SourceQuality "1"]

1. d4 d5 2. c4 c6 3. Nc3 Nf6 4. Nf3 dxc4 5. e3 b5 6. a4 b4 7. Ne2 e6 8. Ng3 Ba6 9. Bd2 c5 10. Rc1 Qd5 11. Qc2 Nbd7 12. e4 Qb7 13. e5 Nd5 14. Bxc4 Be7 15. 0-0 cxd4 16. Rfe1 d3 17. Qxd3 Bxc4 18. Qxc4 Nc5 19. Bg5 Nxa4 20. Bxe7 Nxe7 21. Ne4 0-0 22. Nd6 Qb6 23. Qc2 b3 24. Qc4 Nc5 25. Qd4 Nd7 26. Qe4 Ng6 27. Rc6 Qa5 28. Nc4 Qb4 29. h4 Rac8 30. h5 Rxc6 31. Qxc6 Ngxe5 32. Ncxe5 Nxe5 33. Rxe5 h6 34. Qe4 Qb6 35. Qc4 Rd8 36. Rb5 Rd1+ 37. Kh2 Qd6+ 38. g3 Qd3 39. Qc8+ Kh7 40. Rb8 Rh1+ 41. Kxh1 Qd1+ 42. Kg2 Qxf3+ 43. Kg1 Qxh5 44. Qc3 Qd1+ 45. Kg2 Qd5+ 46. Kg1 Qf3 1-0

[Event "Dortmund Sparkassen op-A 44th"]
[Site "Dortmund"]
[Date "2016.07.09"]
[Round "1"]
[White "Wicht, Juergen"]
[Black "Korten, Lando"]
[Result "0-1"]
[WhiteElo "2221"]
[BlackElo "2000"]
[PlyCount "52"]
[EventDate "2016.07.09"]
[EventType "swiss"]
[EventRounds "9"]
[EventCountry "GER"]
[SourceTitle "CBM 173 Extra"]
[Source "ChessBase"]
[SourceDate "2016.08.29"]
[SourceVersion "1"]
[SourceVersionDate "2016.08.29"]
[SourceQuality "1"]

1. d4 Nf6 2. c4 g6 3. Nc3 Bg7 4. e4 d6 5. Be2 0-0 6. Nf3 e5 7. 0-0 Nc6 8. d5 Ne7 9. Ne1 Nd7 10. Be3 f5 11. f3 f4 12. Bf2 g5 13. g4 fxg3 14. hxg3 Ng6 15. Be3 Nf4 16. gxf4 gxf4 17. Bd2 Qg5+ 18. Ng2 Rf6 19. Rf2 Rh6 20. Bd3 Nf6 21. Be1 Nh5 22. Rc2 Ng3 23. Bxg3 fxg3 24. Ne2 Qh4 25. Nxg3 Qh2+ 26. Kf1 Qxg3 0-1

[Event "Herne op 5th"]
[Site "Herne"]
[Date "2016.05.29"]
[Round "7"]
[White "Korten, Lando"]
[Black "Hart, Theo"]
[Result "1-0"]
[WhiteElo "1909"]
[BlackElo "1927"]
[PlyCount "77"]
[EventDate "2016.05.25"]
[EventType "swiss"]
[EventRounds "7"]
[EventCountry "GER"]
[SourceTitle "CBM 172 Extra"]
[Source "ChessBase"]
[SourceDate "2016.06.21"]
[SourceVersion "1"]
[SourceVersionDate "2016.06.21"]
[SourceQuality "1"]

1. d4 d5 2. c4 c6 3. Nc3 Nf6 4. Nf3 e6 5. cxd5 exd5 6. Qc2 Bb4 7. Bg5 0-0 8. e3 Nbd7 9. Bd3 Be7 10. 0-0 h6 11. Bf4 Nh5 12. Be5 Nhf6 13. a3 Nxe5 14. Nxe5 Bd6 15. f4 c5 16. Nb5 cxd4 17. exd4 Bb8 18. Rac1 Ng4 19. Rf3 Bd7 20. Nc3 Nf6 21. h3 Bd6 22. g4 Rc8 23. Rcf1 Be8 24. Qg2 Qb6 25. Qf2 Bc6 26. Re1 Qd8 27. Kh1 Rc7 28. Nxc6 bxc6 29. g5 hxg5 30. fxg5 Nh5 31. Qh4 g6 32. Ref1 Qe8 33. Nd1 Rb7 34. Nf2 Rxb2 35. Ng4 Qb8 36. Nf6+ Kg7 37. Nxh5+ gxh5 38. Qxh5 Rh2+ 39. Kg1 1-0